| 000 | 01062cam a2200325 4500 | ||
|---|---|---|---|
| 999 |
_c17834 _d17834 |
||
| 001 | 4545293 | ||
| 003 | BDDh-ASL | ||
| 005 | 20231015025638.0 | ||
| 008 | 701118s1972 caub b 001 0 eng | ||
| 010 | _a 70099952 | ||
| 020 | _a0520016238 | ||
| 040 |
_aDLC _cDLC _dBDDh-ASL |
||
| 043 | _aa-ii--- | ||
| 050 | 0 | 0 |
_aHN683.5 _b.M344 |
| 082 | 0 | 0 |
_a306.54 _bMAS |
| 100 | 1 |
_aMandelbaum, David Goodman, _d1911-1987. |
|
| 245 | 1 | 0 |
_aSociety in India: _bVolume One- Continuity and Change/ _c[by] David G. Mandelbaum. |
| 260 |
_aBerkeley: _bUniversity of California Press, _c1972. |
||
| 300 |
_a2 v. (xi, 378, 37, 14 p.): _bills., map (on lining papers); _c24 cm. |
||
| 350 | _a$10.00 per vol. | ||
| 500 | _aIncludes index | ||
| 504 | _aIncludes bibliography. | ||
| 505 | 0 | _av. 1. Continuity and change.--v. 2. Change and continuity. | |
| 650 | 0 |
_aCaste _zIndia. |
|
| 650 | 0 |
_aFamilies _zIndia. |
|
| 650 | 0 |
_aSocial mobility _zIndia. |
|
| 651 | 0 |
_aIndia _xSocial conditions _y1947- |
|
| 906 |
_a7 _bcbc _corignew _d2 _encip _f19 _gy-gencatlg |
||
| 942 |
_2ddc _cBK |
||